[Event "Kuala Lumpur op 5th"]
[Site "Kuala Lumpur"]
[Date "2008.08.23"]
[Round "9"]
[White "Spiller, Paul"]
[Black "Zakaria, Fairin"]
[Result "1/2-1/2"]
[WhiteElo "1982"]
[BlackElo "2220"]
[PlyCount "33"]
[EventDate "2008.08.18"]
[EventType "swiss"]
[EventRounds "11"]
[EventCountry "MAS"]
[SourceTitle "CBM 126 Extra"]
[Source "ChessBase"]
[SourceDate "2008.11.05"]
[SourceVersion "1"]
[SourceVersionDate "2008.11.05"]
[SourceQuality "1"]

1. e4 c5 2. c3 g6 3. Nf3 Bg7 4. d4 cxd4 5. cxd4 d5 6. e5 Nc6 7. Nc3 f6 8. Bb5 Bg4 9. Qa4 Qd7 10. exf6 exf6 11. Be2 Nge7 12. 0-0 0-0 13. h3 Be6 14. Bf4 a6 15. Qa3 b5 16. Qd6 Rfd8 17. Qxd7 1/2-1/2

[Event "Kuala Lumpur op 5th"]
[Site "Kuala Lumpur"]
[Date "2008.08.19"]
[Round "3"]
[White "Nardi, Marco"]
[Black "Zakaria, Fairin"]
[Result "1/2-1/2"]
[WhiteElo "2047"]
[BlackElo "2220"]
[PlyCount "61"]
[EventDate "2008.08.18"]
[EventType "swiss"]
[EventRounds "11"]
[EventCountry "MAS"]
[SourceTitle "CBM 126 Extra"]
[Source "ChessBase"]
[SourceDate "2008.11.05"]
[SourceVersion "1"]
[SourceVersionDate "2008.11.05"]
[SourceQuality "1"]

1. e4 c5 2. Nf3 d6 3. d4 cxd4 4. Nxd4 Nf6 5. Nc3 a6 6. Bg5 e6 7. f4 Qb6 8. Qd2 Nc6 9. Nb3 Qc7 10. a3 h6 11. Bxf6 gxf6 12. Be2 h5 13. 0-0 Bd7 14. Rad1 0-0-0 15. Rf3 Kb8 16. Rh3 h4 17. Kh1 Ne7 18. f5 d5 19. exd5 Nxf5 20. dxe6 fxe6 21. Ne4 Bh6 22. Qb4 Bc6 23. Nbc5 Rxd1+ 24. Bxd1 Ka8 25. Rd3 Qf4 26. Bf3 h3 27. g3 Qc1+ 28. Rd1 Qe3 29. Rd3 Qc1+ 30. Rd1 Qe3 31. Rd3 1/2-1/2

[Event "Kuala Lumpur op 4th"]
[Site "Kuala Lumpur"]
[Date "2007.08.26"]
[Round "11"]
[White "Zakaria, Fairin"]
[Black "Zhang, Jilin"]
[Result "0-1"]
[WhiteElo "2225"]
[BlackElo "2338"]
[PlyCount "106"]
[EventDate "2007.08.20"]
[EventType "swiss"]
[EventRounds "11"]
[EventCountry "MAS"]
[SourceTitle "CBM 120 Extra"]
[Source "ChessBase"]
[SourceDate "2007.11.01"]
[SourceVersion "1"]
[SourceVersionDate "2007.11.01"]
[SourceQuality "1"]

1. d4 Nf6 2. Nf3 g6 3. Bf4 d6 4. h3 Bg7 5. e3 0-0 6. Be2 c5 7. c3 cxd4 8. exd4 Nd5 9. Bh2 Nc6 10. 0-0 e5 11. Qb3 Nb6 12. Rd1 e4 13. Ne1 Qg5 14. Bxd6 Re8 15. Qb5 Qd8 16. Bg3 h5 17. Na3 h4 18. Bh2 Be6 19. Nc4 Nxc4 20. d5 Nd4 21. Rxd4 Bxd4 22. Qxc4 Bxf2+ 23. Kxf2 Bxd5 24. Qc7 Qf6+ 25. Kg1 Rad8 26. Rd1 Bxa2 27. Rxd8 Qxd8 28. Qxd8 Rxd8 29. Bf4 f6 30. Nc2 g5 31. Be3 Kg7 32. Nd4 Kg6 33. Bg4 Rd5 34. Bc8 b6 35. Be6 Rxd4 36. Bxa2 Rd1+ 37. Kf2 f5 38. Ke2 Ra1 39. Bd5 Rb1 40. b3 Rb2+ 41. Kf1 Rb1+ 42. Ke2 Rb2+ 43. Kf1 a5 44. Bd4 b5 45. c4 Rxb3 46. Ke2 bxc4 47. Bh8 Rb8 48. Bc3 a4 49. Ke3 a3 50. Bxc4 Rc8 51. Kd4 e3 52. Bd3 a2 53. Bb2 e2 0-1

[Event "Kuala Lumpur op 4th"]
[Site "Kuala Lumpur"]
[Date "2007.08.22"]
[Round "5"]
[White "Zakaria, Fairin"]
[Black "Ginting, Nasib"]
[Result "0-1"]
[WhiteElo "2225"]
[BlackElo "2393"]
[PlyCount "66"]
[EventDate "2007.08.20"]
[EventType "swiss"]
[EventRounds "11"]
[EventCountry "MAS"]
[SourceTitle "CBM 120 Extra"]
[Source "ChessBase"]
[SourceDate "2007.11.01"]
[SourceVersion "1"]
[SourceVersionDate "2007.11.01"]
[SourceQuality "1"]

1. d4 Nf6 2. Nf3 g6 3. Bf4 Bg7 4. e3 d6 5. h3 0-0 6. Be2 c5 7. c3 Qb6 8. Qb3 Be6 9. Qxb6 axb6 10. Na3 Nd5 11. Kd2 Nxf4 12. exf4 Nc6 13. dxc5 bxc5 14. Ng5 Bd5 15. Nc4 f6 16. Nf3 Bh6 17. g3 Ne5 18. Nfxe5 fxe5 19. f3 Bf7 20. Nb6 Rad8 21. Bb5 exf4 22. g4 Be8 23. a4 d5 24. Rhe1 Kf7 25. Re5 Bg7 26. Rxd5 Bxb5 27. axb5 Rxd5+ 28. Nxd5 Rd8 29. c4 e6 30. Ra7 Rd7 31. b4 exd5 32. bxc5 dxc4+ 33. Kc2 Bd4 0-1

[Event "Kuala Lumpur op 3rd"]
[Site "Kuala Lumpur"]
[Date "2006.08.21"]
[Round "1"]
[White "Nguyen, Anh Dung"]
[Black "Zakaria, Fairin"]
[Result "1-0"]
[WhiteElo "2539"]
[BlackElo "2202"]
[PlyCount "51"]
[EventDate "2006.08.21"]
[EventType "swiss"]
[EventRounds "11"]
[EventCountry "MAS"]
[SourceTitle "CBM 114 Extra"]
[Source "ChessBase"]
[SourceDate "2006.11.03"]
[SourceVersion "1"]
[SourceVersionDate "2006.11.03"]
[SourceQuality "1"]

1. e4 c5 2. Nf3 d6 3. d4 cxd4 4. Nxd4 Nf6 5. Nc3 a6 6. Bg5 e6 7. f4 Qb6 8. Qd2 Nc6 9. Nb3 Qc7 10. 0-0-0 Be7 11. Be2 h6 12. Bh4 b5 13. Bf3 b4 14. Na4 e5 15. Bxf6 gxf6 16. Kb1 Bd7 17. Bh5 Rc8 18. c4 Na7 19. c5 Bxa4 20. cxd6 Bxd6 21. Qxd6 Bxb3 22. axb3 Qc2+ 23. Ka2 Qc6 24. Qxb4 Nb5 25. fxe5 Qc2 26. e6 1-0

[Event "Auckland op"]
[Site "Auckland"]
[Date "2003.01.27"]
[Round "2"]
[White "Zakaria, Fairin"]
[Black "McLaren, Brian"]
[Result "1/2-1/2"]
[WhiteElo "2167"]
[BlackElo "2142"]
[PlyCount "103"]
[EventDate "2003.01.26"]
[EventType "swiss"]
[EventRounds "9"]
[EventCountry "NZL"]
[SourceTitle "CBM 092 Extra"]
[Source "ChessBase"]
[SourceDate "2003.03.07"]
[SourceVersion "1"]
[SourceVersionDate "2003.03.07"]
[SourceQuality "1"]

1. d4 Nf6 2. c4 g6 3. Nc3 Bg7 4. e4 d6 5. Nf3 0-0 6. Be2 c5 7. d5 e6 8. 0-0 exd5 9. exd5 Re8 10. h3 a6 11. a4 Nbd7 12. Bf4 Qe7 13. Bd3 Qf8 14. Re1 Rxe1+ 15. Qxe1 Kh8 16. Ng5 Ne8 17. Qe3 Ne5 18. Re1 h6 19. Nf3 Nxd3 20. Qxd3 Bd7 21. Qe3 g5 22. Qe7 Qxe7 23. Rxe7 Rd8 24. Bd2 Kg8 25. b3 Kf8 26. Re1 Rb8 27. Ne4 f5 28. Ng3 Nf6 29. b4 f4 30. Ne4 Nxe4 31. Rxe4 Bxa4 32. bxc5 dxc5 33. h4 Bf6 34. hxg5 hxg5 35. g3 fxg3 36. fxg3 Re8 37. Rxe8+ Kxe8 38. Bxg5 Kf7 39. Bxf6 Kxf6 40. Kf2 Bb3 41. Nd2 Bc2 42. Ke3 Kf5 43. g4+ Ke5 44. Nf3+ Kd6 45. g5 b5 46. Nd2 bxc4 47. Nxc4+ Kxd5 48. Na3 Bg6 49. Kd2 c4 50. Kc3 Bd3 51. g6 Bxg6 52. Nxc4 1/2-1/2

[Event "NZL-ch 107th"]
[Site "Auckland"]
[Date "2000.01.03"]
[Round "6"]
[White "Zakaria, Fairin"]
[Black "Watson, Bruce R"]
[Result "0-1"]
[WhiteElo "2185"]
[BlackElo "2260"]
[PlyCount "130"]
[EventDate "1999.12.28"]
[EventType "swiss"]
[EventRounds "11"]
[EventCountry "NZL"]
[SourceTitle "CBM 074 Extra"]
[Source "ChessBase"]
[SourceDate "2000.03.10"]
[SourceVersion "2"]
[SourceVersionDate "2000.03.10"]
[SourceQuality "1"]

1. d4 Nf6 2. c4 e6 3. Nc3 Bb4 4. e3 0-0 5. Bd3 d5 6. Nf3 c5 7. 0-0 Nc6 8. a3 Bxc3 9. bxc3 dxc4 10. Bxc4 Qc7 11. Ba2 e5 12. h3 e4 13. Nh2 Bf5 14. Ng4 Bxg4 15. hxg4 Rad8 16. Qe2 Rd6 17. f4 exf3 18. gxf3 Re8 19. Qh2 Qe7 20. Bd2 Nd5 21. Bxd5 Rxd5 22. e4 Rd7 23. d5 Ne5 24. Rae1 c4 25. Kg2 f6 26. Rh1 g5 27. Qh5 Nd3 28. Rh3 Nxe1+ 29. Bxe1 Qf7 30. Qxf7+ Rxf7 31. Bf2 a6 32. Bb6 Rc8 33. Kf2 Rd7 34. Ke3 Rd6 35. Bd4 Kg7 36. Rh1 Kg6 37. Ba7 b5 38. Kd4 Rd7 39. Bb6 h6 40. Ba5 Rh7 41. d6 Ra8 42. Kd5 Rc8 43. Rh2 Rb7 44. Re2 h5 45. gxh5+ Kxh5 46. Ke6 Rc6 47. Kf5 Kh4 48. Rd2 Kg3 49. d7 Rxd7 50. Rxd7 Kxf3 51. Bb4 g4 52. Rd6 Rxd6 53. Bxd6 g3 54. e5 fxe5 55. Bxe5 g2 56. Bd4 a5 57. Ke5 b4 58. axb4 axb4 59. cxb4 c3 60. Bxc3 g1Q 61. Kd5 Qb6 62. Kc4 Ke4 63. b5 Qc7+ 64. Kb4 Kd5 65. Be1 Qe7+ 0-1

[Event "NZL-ch rap"]
[Site "Auckland"]
[Date "1997.??.??"]
[Round "7"]
[White "Zakaria, Fairin"]
[Black "Rogers, Ian"]
[Result "0-1"]
[WhiteElo "2220"]
[BlackElo "2600"]
[PlyCount "78"]
[EventDate "1997.??.??"]
[EventType "swiss"]
[EventRounds "9"]
[EventCountry "NZL"]
[SourceTitle "EXT 2003"]
[Source "ChessBase"]
[SourceDate "2002.11.25"]
[SourceVersion "1"]
[SourceVersionDate "2002.11.25"]
[SourceQuality "1"]

1. d4 Nf6 2. c4 e5 3. dxe5 Ng4 4. Bf4 Nc6 5. Nf3 Bb4+ 6. Nc3 Bxc3+ 7. bxc3 Qe7 8. Qd5 f6 9. exf6 Nxf6 10. Qd3 d6 11. g3 0-0 12. Bg2 Kh8 13. 0-0 Bg4 14. Nd4 Na5 15. Rfe1 Rae8 16. e4 Qf7 17. e5 dxe5 18. Bxe5 Nd7 19. Bf4 Nc5 20. Qc2 Nxc4 21. h3 Bd7 22. Rab1 Na3 23. Rxe8 Rxe8 24. Qc1 Nxb1 25. Qxb1 b6 26. Kh2 Qc4 27. Qc2 Qd3 28. Qxd3 Nxd3 29. Be3 Re5 30. Bf1 Nb2 31. a3 Nd1 32. Bf4 Re1 33. Bg2 c5 34. Nf3 Re2 35. Ne5 Be6 36. Bf3 Rxf2+ 37. Kg1 Ra2 38. Bxd1 Ra1 39. Kf2 Rxd1 0-1